[Event "36th Balaton IM 2018"]
[Site "Balatonlelle"]
[Date "2018.06.15"]
[Round "4"]
[White "Gorti, Akshita"]
[Black "Saber, Yasser"]
[Result "1-0"]
[WhiteElo "2258"]
[BlackElo "2266"]
[Annotator "NA"]
[PlyCount "99"]
[EventDate "2018.06.12"]
[EventType "swiss"]
[EventCountry "HUN"]
[SourceTitle "playchess.com"]
[Source "ChessBase"]
[SourceQuality "1"]
[TimeControl "40/5400+30:1800+30"]

1. d4 {[%emt 0:00:04]} d6 {[%emt 0:01:32]} 2. Nf3 {[%emt 0:00:16]} g6 {[%emt 0:00:13]} 3. c4 {[%emt 0:00:35]} f5 {[%emt 0:00:05]} 4. Nc3 {[%emt 0:00:13]} Nf6 {[%emt 0:00:02]} 5. g3 {[%emt 0:00:18]} Bg7 {[%emt 0:00:03]} 6. Bg2 {[%emt 0:00:20]} O-O {[%emt 0:00:03]} 7. O-O {[%emt 0:00:18]} c6 {[%emt 0:00:02]} 8. Rb1 {[%emt 0:00:56]} a5 {[%emt 0:00:11]} 9. Qb3 {[%emt 0:00:41]} Kh8 {[%emt 0:00:29]} 10. Rd1 {[%emt 0:00:40]} Na6 {[%emt 0:01:20]} 11. Bg5 {[%emt 0:11:02]} Ne4 {[%emt 0:09:31]} 12. Be3 {[%emt 0:02:37]} Nf6 {[%emt 0:24:16]} 13. h3 {[%emt 0:02:11]} Rb8 {[%emt 0:12:27]} 14. d5 {[%emt 0:10:02]} cxd5 {[%emt 0:03:15]} 15. cxd5 {[%emt 0:00:34]} b5 {[%emt 0:01:11]} 16. Nxb5 {[%emt 0:04:12]} Bd7 {[%emt 0:14:50]} 17. a4 {[%emt 0:01:57]} Ne4 {[%emt 0:04:19]} 18. Nfd4 {[%emt 0:07:18]} Nac5 {[%emt 0:00:14]} 19. Qc4 {[%emt 0:03:32]} Qe8 {[%emt 0:04:27]} 20. b3 {[%emt 0:07:27]} Qf7 {[%emt 0:03:33]} 21. Na7 {[%emt 0:11:21]} g5 {[%emt 0:08:38]} 22. Ndc6 {[%emt 0:10:28]} f4 {[%emt 0:05:41]} 23. gxf4 {[%emt 0:01:44]} gxf4 {[%emt 0:00:37]} 24. Bxc5 {[%emt 0:01:08]} Nxc5 {[%emt 0:00:16]} 25. Nxb8 {[%emt 0:02:39]} Rxb8 {[%emt 0:00:02]} 26. b4 {[%emt 0:05:22]} Qg6 {[%emt 0:02:14]} 27. Kh1 {[%emt 0:04:08]} Bf5 {[%emt 0:03:53]} 28. Nc6 {[%emt 0:02:46]} Re8 {[%emt 0:00:20]} 29. Rbc1 {[%emt 0:02:22]} axb4 {[%emt 0:00:04]} 30. Qxb4 {[%emt 0:03:01]} Qh5 {[%emt 0:00:18]} 31. Kh2 {[%emt 0:01:05]} Bf6 {[%emt 0:01:22]} 32. Qxf4 {[%emt 0:01:22]} Ne4 {[%emt 0:00:30]} 33. Qf3 {[%emt 0:01:44]} Qg6 {[%emt 0:00:01]} 34. Nd4 {[%emt 0:01:26]} Be5+ {[%emt 0:00:59]} 35. Kh1 {[%emt 0:00:07]} Bxd4 {[%emt 0:00:30]} 36. Rxd4 {[%emt 0:00:13]} Ng5 {[%emt 0:00:29]} 37. Qc3 {[%emt 0:00:53]} Kg8 {[%emt 0:00:29]} 38. Rg1 {[%emt 0:00:33]} Qh6 {[%emt 0:00:32]} 39. Bf1 {[%emt 0:01:02]} Bg6 {[%emt 0:00:30]} 40. Qe3 {[%emt 0:00:00]} Nf7 {[%emt 0:00:29]} 41. Qxh6 {[%emt 0:01:35]} Nxh6 {[%emt 0:00:02]} 42. e4 {[%emt 0:01:17]} Rc8 {[%emt 0:01:14]} 43. Bc4 {[%emt 0:02:26]} Kf8 {[%emt 0:01:33]} 44. a5 {[%emt 0:00:49]} Ng8 {[%emt 0:00:26]} 45. a6 {[%emt 0:01:25]} Nf6 {[%emt 0:00:03]} 46. f3 {[%emt 0:00:28]} Nd7 {[%emt 0:00:14]} 47. a7 {[%emt 0:02:03]} Nb6 {[%emt 0:00:55]} 48. Rb1 {[%emt 0:00:21]} Rc7 {[%emt 0:01:05]} 49. Rxb6 {[%emt 0:00:27]} Rxa7 {[%emt 0:00:02]} 50. Ba6 {[%emt 0:00:33]} 1-0

[Event "36th Balaton IM 2018"]
[Site "Balatonlelle"]
[Date "2018.06.15"]
[Round "4"]
[White "Gungl, Theo"]
[Black "Urh, Zala"]
[Result "1-0"]
[WhiteElo "2237"]
[BlackElo "2248"]
[Annotator "NA"]
[PlyCount "61"]
[EventDate "2018.06.12"]
[EventType "swiss"]
[EventCountry "HUN"]
[SourceTitle "playchess.com"]
[Source "ChessBase"]
[SourceQuality "1"]
[TimeControl "40/5400+30:1800+30"]

1. e4 {[%emt 0:00:02]} e5 {[%emt 0:01:45]} 2. Nf3 {[%emt 0:00:03]} Nc6 {[%emt 0:00:18]} 3. Bb5 {[%emt 0:00:07]} Nf6 {[%emt 0:00:26]} 4. O-O {[%emt 0:03:07]} Nxe4 {[%emt 0:00:41]} 5. d4 {[%emt 0:00:08]} Nd6 {[%emt 0:00:56]} 6. Bxc6 {[%emt 0:00:06]} dxc6 {[%emt 0:00:26]} 7. dxe5 {[%emt 0:00:06]} Nf5 {[%emt 0:00:45]} 8. Qxd8+ {[%emt 0:00:07]} Kxd8 {[%emt 0:00:08]} 9. h3 {[%emt 0:00:56]} h5 {[%emt 0:03:02]} 10. Nc3 {[%emt 0:00:19]} Ke8 {[%emt 0:01:07]} 11. Bf4 {[%emt 0:00:51]} Be6 {[%emt 0:06:29]} 12. Rad1 {[%emt 0:01:12]} Bb4 {[%emt 0:03:17]} 13. a3 {[%emt 0:18:49]} Be7 {[%emt 0:07:18]} 14. Ng5 {[%emt 0:00:42]} Bc4 {[%emt 0:11:12]} 15. Rfe1 {[%emt 0:00:11]} Rh6 {[%emt 0:11:05]} 16. Re4 {[%emt 0:10:53]} Ba6 {[%emt 0:05:25]} 17. e6 {[%emt 0:06:13]} Bxg5 {[%emt 0:07:04]} 18. exf7+ {[%emt 0:00:11]} Kxf7 {[%emt 0:00:14]} 19. Bxg5 {[%emt 0:06:28]} Rd6 {[%emt 0:00:21]} 20. Rde1 {[%emt 0:01:47]} Rf8 {[%emt 0:04:44]} 21. Be7 {[%emt 0:07:50]} Nxe7 {[%emt 0:03:53]} 22. Rxe7+ {[%emt 0:00:02]} Kg6 {[%emt 0:00:39]} 23. Rxc7 {[%emt 0:02:19]} Rd2 {[%emt 0:02:50]} 24. Re6+ {[%emt 0:02:19]} Kf5 {[%emt 0:04:34]} 25. Re3 {[%emt 0:01:45]} Rg8 {[%emt 0:03:09]} 26. Ne4 {[%emt 0:02:33]} Rxc2 {[%emt 0:06:08]} 27. Ng3+ {[%emt 0:00:25]} Kg6 {[%emt 0:00:00]} 28. Re6+ {[%emt 0:00:26]} Kg5 {[%emt 0:03:17]} 29. f4+ {[%emt 0:02:50]} Kxf4 {[%emt 0:01:34]} 30. Rf7+ {[%emt 0:00:15]} Kg5 {[%emt 0:01:51]} 31. Ne4+ {[%emt 0:00:10]} 1-0

[Event "36th Balaton IM 2018"]
[Site "Balatonlelle"]
[Date "2018.06.15"]
[Round "4"]
[White "Moksh Amit Doshi"]
[Black "McPhillips, Joseph"]
[Result "0-1"]
[WhiteElo "2203"]
[BlackElo "2399"]
[Annotator "NA"]
[PlyCount "62"]
[EventDate "2018.06.12"]
[EventType "swiss"]
[EventCountry "HUN"]
[SourceTitle "playchess.com"]
[Source "ChessBase"]
[SourceQuality "1"]
[TimeControl "40/5400+30:1800+30"]

1. d4 {[%emt 0:00:20]} e6 {[%emt 0:00:40]} 2. Nf3 {[%emt 0:00:28]} c5 {[%emt 0:00:12]} 3. e4 {[%emt 0:02:21]} cxd4 {[%emt 0:00:54]} 4. Nxd4 {[%emt 0:00:06]} a6 {[%emt 0:00:11]} 5. Bd3 {[%emt 0:00:37]} Bc5 {[%emt 0:01:55]} 6. Nb3 {[%emt 0:00:09]} Be7 {[%emt 0:01:01]} 7. Qg4 {[%emt 0:03:21]} g6 {[%emt 0:04:00]} 8. Qe2 {[%emt 0:00:07]} d6 {[%emt 0:00:35]} 9. Nc3 {[%emt 0:00:07]} Nd7 {[%emt 0:01:09]} 10. Bd2 {[%emt 0:04:54]} Qc7 {[%emt 0:00:14]} 11. f4 {[%emt 0:02:57]} Ngf6 {[%emt 0:01:18]} 12. O-O {[%emt 0:03:53]} b6 {[%emt 0:00:46]} 13. Rae1 {[%emt 0:02:47]} Bb7 {[%emt 0:00:05]} 14. e5 {[%emt 0:07:19]} Nd5 {[%emt 0:03:33]} 15. Ne4 {[%emt 0:08:43]} dxe5 {[%emt 0:00:41]} 16. fxe5 {[%emt 0:00:09]} O-O {[%emt 0:00:20]} 17. c4 {[%emt 0:14:18]} Nb4 {[%emt 0:00:20]} 18. Bb1 {[%emt 0:06:28]} Rac8 {[%emt 0:01:06]} 19. Rf4 {[%emt 0:06:08]} Qxe5 {[%emt 0:18:17]} 20. Bxb4 {[%emt 0:05:18]} Bxb4 {[%emt 0:01:30]} 21. Nf6+ {[%emt 0:00:26]} Kg7 {[%emt 0:00:13]} 22. Qxe5 {[%emt 0:14:29]} Nxe5 {[%emt 0:00:27]} 23. Rxe5 {[%emt 0:00:45]} Bd6 {[%emt 0:00:17]} 24. Ng4 {[%emt 0:00:49]} f6 {[%emt 0:08:54]} 25. Rxe6 {[%emt 0:05:29]} Bxf4 {[%emt 0:00:55]} 26. Rxb6 {[%emt 0:00:09]} Rf7 {[%emt 0:01:48]} 27. Nd4 {[%emt 0:03:29]} Bb8 {[%emt 0:04:04]} 28. Ne6+ {[%emt 0:02:28]} Kh8 {[%emt 0:00:07]} 29. c5 {[%emt 0:01:01]} f5 {[%emt 0:05:38]} 30. Ne3 {[%emt 0:01:04]} Re7 {[%emt 0:04:01]} 31. Bd3 {[%emt 0:00:55]} Ba7 {[%emt 0:07:05]} 0-1

[Event "36th Balaton IM 2018"]
[Site "Balatonlelle"]
[Date "2018.06.16"]
[Round "5"]
[White "Czebe, Attila"]
[Black "Varga, Zoltan"]
[Result "1/2-1/2"]
[WhiteElo "2419"]
[BlackElo "2470"]
[Annotator "TA"]
[PlyCount "34"]
[EventDate "2018.06.12"]
[EventType "swiss"]
[EventCountry "HUN"]
[SourceTitle "playchess.com"]
[Source "ChessBase"]
[SourceQuality "1"]

{[%evp 15,34,20,26,0,0,0,0,-14,-10,-12,-18,-22,-15,-33,-33,-40,-37,-95,-77,-98,-98]} 1. e4 c6 2. d4 d5 3. e5 Bf5 4. Nf3 e6 5. Be2 h6 6. O-O Nd7 7. c4 dxc4 {B12: Caro-Kann (Vorstoß-Variante)} 8. Bxc4 Nb6 {LiveBook: 3 Partien} (8... Ne7 9. Nc3 Nb6 10. Bb3 Ned5 11. Re1 Be7 12. Ne4 O-O 13. Ng3 Bg6 14. Bc2 Qe8 15. h4 {½-½ (45) Lavrov,M (2369)-Bocharov,D (2574) Minsk 2017}) 9. Be2 Ne7 {Die Stellung ist ausgeglichen.} 10. Nc3 Ned5 11. Be3 Be7 12. h3 $146 ({Vorgänger:} 12. Bd3 Bxd3 13. Qxd3 O-O 14. Rfd1 Nxe3 15. fxe3 {½-½ (45) Sang,T (2302)-Koons,N (2262) Seattle 2014}) 12... O-O 13. Re1 Qd7 14. Bf1 Rfd8 $36 {[%mdl 2048] Schwarz hat gut koordiniertes Spiel.} 15. a3 Rac8 16. Nd2 (16. Nxd5 $15 Nxd5 17. Bd3) 16... Nxc3 17. bxc3 c5 1/2-1/2

[Event "36th Balaton IM 2018"]
[Site "Balatonlelle"]
[Date "2018.06.16"]
[Round "5"]
[White "McPhillips, Joseph"]
[Black "Klaric, Zlatko"]
[Result "1/2-1/2"]
[WhiteElo "2399"]
[BlackElo "2397"]
[Annotator "ChessBase"]
[PlyCount "138"]
[EventDate "2018.06.12"]
[EventType "swiss"]
[EventCountry "HUN"]
[SourceTitle "playchess.com"]
[Source "ChessBase"]
[SourceQuality "1"]
[TimeControl "40/5400+30:1800+30"]

1. e4 {[%emt 0:00:11]} e5 {[%emt 0:02:14]} 2. Nf3 {[%emt 0:00:08]} Nc6 {[%emt 0:00:03]} 3. Bb5 {[%emt 0:00:05]} Nge7 {[%emt 0:00:09]} 4. c3 {[%emt 0:00:21]} g6 {[%emt 0:01:41]} 5. d4 {[%emt 0:00:11]} exd4 {[%emt 0:00:05]} 6. cxd4 {[%emt 0:00:09]} d5 {[%emt 0:00:04]} 7. exd5 {[%emt 0:06:08]} Nxd5 {[%emt 0:00:09]} 8. O-O {[%emt 0:00:19]} Bg7 {[%emt 0:00:28]} 9. Bg5 {[%emt 0:20:25]} Qd6 {[%emt 0:00:34]} 10. Qe2+ {[%emt 0:00:33]} Be6 {[%emt 0:00:56]} 11. Nc3 {[%emt 0:01:50]} Nxc3 {[%emt 0:03:29]} 12. bxc3 {[%emt 0:00:04]} O-O {[%emt 0:00:06]} 13. Qd2 {[%emt 0:05:05]} Na5 {[%emt 0:04:07]} 14. Rfe1 {[%emt 0:08:03]} c6 {[%emt 0:07:26]} 15. Bd3 {[%emt 0:02:42]} Rfe8 {[%emt 0:01:24]} 16. Bh6 {[%emt 0:06:05]} Nc4 {[%emt 0:03:26]} 17. Qg5 {[%emt 0:02:05]} Bd5 {[%emt 0:04:21]} 18. Bxg7 {[%emt 0:09:02]} Kxg7 {[%emt 0:00:10]} 19. Bxc4 {[%emt 0:05:41]} Bxc4 {[%emt 0:00:08]} 20. Ne5 {[%emt 0:01:35]} Be6 {[%emt 0:03:06]} 21. Qf4 {[%emt 0:04:14]} Rad8 {[%emt 0:04:05]} 22. Qh4 {[%emt 0:02:05]} f6 {[%emt 0:01:55]} 23. Nd3 {[%emt 0:02:27]} Qa3 {[%emt 0:06:10]} 24. Nc5 {[%emt 0:02:05]} Qxc3 {[%emt 0:05:43]} 25. Qf4 {[%emt 0:07:30]} Bf7 {[%emt 0:08:19]} 26. Red1 {[%emt 0:00:00]} g5 {[%emt 0:02:37]} 27. Qc7 {[%emt 0:01:17]} Rxd4 {[%emt 0:01:07]} 28. Rdc1 {[%emt 0:00:02]} Qb4 {[%emt 0:11:34]} 29. h3 {[%emt 0:04:43]} Rd2 {[%emt 0:02:12]} 30. Rab1 {[%emt 0:04:12]} Qd4 {[%emt 0:04:05]} 31. Qg3 {[%emt 0:00:04]} Ree2 {[%emt 0:03:31]} 32. Rxb7 {[%emt 0:00:16]} Qxf2+ {[%emt 0:01:45]} 33. Qxf2 {[%emt 0:00:07]} Rxf2 {[%emt 0:00:11]} 34. Ne6+ {[%emt 0:00:51]} Kg8 {[%emt 0:11:14]} 35. Rb8+ {[%emt 0:00:04]} Be8 {[%emt 0:00:06]} 36. Nc7 {[%emt 0:00:44]} Rxg2+ {[%emt 0:00:27]} 37. Kh1 {[%emt 0:00:07]} Rh2+ {[%emt 0:00:55]} 38. Kg1 {[%emt 0:00:01]} Rdg2+ {[%emt 0:00:58]} 39. Kf1 {[%emt 0:00:01]} Rxa2 {[%emt 0:00:54]} 40. Kg1 {[%emt 0:00:00]} Rhg2+ {[%emt 0:04:10]} 41. Kh1 {[%emt 0:00:24]} Rh2+ {[%emt 0:15:37]} 42. Kg1 {[%emt 0:00:02]} Rag2+ {[%emt 0:01:32]} 43. Kf1 {[%emt 0:00:02]} Rd2 {[%emt 0:03:47]} 44. Kg1 {[%emt 0:03:05]} Kf7 {[%emt 0:05:11]} 45. Rxe8 {[%emt 0:01:17]} Rdg2+ {[%emt 0:02:13]} 46. Kf1 {[%emt 0:00:02]} Rc2 {[%emt 0:00:30]} 47. Rxc2 {[%emt 0:00:36]} Rxc2 {[%emt 0:00:02]} 48. Re3 {[%emt 0:00:20]} a5 {[%emt 0:00:45]} 49. Re4 {[%emt 0:07:11]} Ra2 {[%emt 0:01:02]} 50. Rc4 {[%emt 0:00:28]} a4 {[%emt 0:00:33]} 51. Rxc6 {[%emt 0:00:07]} a3 {[%emt 0:00:53]} 52. Nd5 {[%emt 0:00:54]} Rd2 {[%emt 0:01:08]} 53. Rxf6+ {[%emt 0:02:12]} Kg7 {[%emt 0:00:05]} 54. Ra6 {[%emt 0:00:15]} Rxd5 {[%emt 0:00:24]} 55. Rxa3 {[%emt 0:00:57]} Kg6 {[%emt 0:00:05]} 56. Ra4 {[%emt 0:02:45]} Rd2 {[%emt 0:00:27]} 57. h4 {[%emt 0:02:20]} h6 {[%emt 0:00:06]} 58. hxg5 {[%emt 0:00:19]} hxg5 {[%emt 0:00:03]} 59. Kg1 {[%emt 0:00:16]} Kh5 {[%emt 0:00:05]} 60. Ra3 {[%emt 0:00:58]} Kh4 {[%emt 0:00:06]} 61. Rb3 {[%emt 0:00:30]} g4 {[%emt 0:00:05]} 62. Ra3 {[%emt 0:00:30]} Re2 {[%emt 0:00:31]} 63. Rb3 {[%emt 0:00:16]} Kg5 {[%emt 0:00:11]} 64. Ra3 {[%emt 0:00:32]} Kf4 {[%emt 0:00:10]} 65. Rb3 {[%emt 0:01:15]} Re3 {[%emt 0:00:21]} 66. Rxe3 {[%emt 0:01:48]} Kxe3 {[%emt 0:00:07]} 67. Kg2 {[%emt 0:00:06]} Kf4 {[%emt 0:00:07]} 68. Kf2 {[%emt 0:00:03]} g3+ {[%emt 0:00:02]} 69. Kg2 {[%emt 0:00:05]} Kg4 {[%emt 0:00:03]} 1/2-1/2

[Event "36th Balaton IM 2018"]
[Site "Balatonlelle"]
[Date "2018.06.16"]
[Round "5"]
[White "Erturan, Yakup"]
[Black "Koksal, Ege"]
[Result "1/2-1/2"]
[WhiteElo "2384"]
[BlackElo "2356"]
[Annotator "NA"]
[PlyCount "23"]
[EventDate "2018.06.12"]
[EventType "swiss"]
[EventCountry "HUN"]
[SourceTitle "playchess.com"]
[Source "ChessBase"]
[SourceQuality "1"]
[TimeControl "40/5400+30:1800+30"]

1. e4 {[%emt 0:00:17]} e5 {[%emt 0:02:45]} 2. Nf3 {[%emt 0:00:42]} Nc6 {[%emt 0:01:45]} 3. Bb5 {[%emt 0:01:40]} Nf6 {[%emt 0:02:10]} 4. O-O {[%emt 0:02:30]} Nxe4 {[%emt 0:03:47]} 5. Re1 {[%emt 0:00:17]} d5 {[%emt 0:02:22]} 6. d4 {[%emt 0:05:05]} exd4 {[%emt 0:03:11]} 7. Nxd4 {[%emt 0:00:53]} Bd6 {[%emt 0:01:30]} 8. Nxc6 {[%emt 0:04:47]} Bxh2+ {[%emt 0:01:30]} 9. Kxh2 {[%emt 0:02:33]} Qh4+ {[%emt 0:00:16]} 10. Kg1 {[%emt 0:00:07]} Qxf2+ {[%emt 0:00:59]} 11. Kh2 {[%emt 0:00:25]} Qg3+ {[%emt 0:00:51]} 12. Kg1 {[%emt 0:00:17]} 1/2-1/2

[Event "36th Balaton IM 2018"]
[Site "Balatonlelle"]
[Date "2018.06.16"]
[Round "5"]
[White "Nagy, Bence"]
[Black "Moksh Amit Doshi"]
[Result "1-0"]
[WhiteElo "2354"]
[BlackElo "2203"]
[Annotator "NA"]
[PlyCount "77"]
[EventDate "2018.06.12"]
[EventType "swiss"]
[EventCountry "HUN"]
[SourceTitle "playchess.com"]
[Source "ChessBase"]
[SourceQuality "1"]
[TimeControl "40/5400+30:1800+30"]

1. e4 {[%emt 0:00:10]} e5 {[%emt 0:00:54]} 2. Nf3 {[%emt 0:00:15]} Nc6 {[%emt 0:00:06]} 3. Bb5 {[%emt 0:00:11]} a6 {[%emt 0:00:14]} 4. Ba4 {[%emt 0:00:10]} Nf6 {[%emt 0:00:07]} 5. O-O {[%emt 0:00:30]} Be7 {[%emt 0:00:06]} 6. Re1 {[%emt 0:00:11]} b5 {[%emt 0:00:07]} 7. Bb3 {[%emt 0:00:10]} d6 {[%emt 0:00:26]} 8. c3 {[%emt 0:01:40]} O-O {[%emt 0:00:08]} 9. h3 {[%emt 0:00:18]} Nb8 {[%emt 0:00:19]} 10. d4 {[%emt 0:00:29]} Nbd7 {[%emt 0:00:07]} 11. Nbd2 {[%emt 0:00:17]} Bb7 {[%emt 0:00:09]} 12. Bc2 {[%emt 0:00:16]} Re8 {[%emt 0:00:08]} 13. Nf1 {[%emt 0:00:32]} Bf8 {[%emt 0:00:16]} 14. Bg5 {[%emt 0:00:31]} h6 {[%emt 0:00:31]} 15. Bh4 {[%emt 0:00:52]} Qc8 {[%emt 0:00:15]} 16. dxe5 {[%emt 0:05:17]} dxe5 {[%emt 0:00:07]} 17. N3d2 {[%emt 0:02:57]} a5 {[%emt 0:07:41]} 18. Ne3 {[%emt 0:11:27]} Ra6 {[%emt 0:06:24]} 19. a4 {[%emt 0:07:07]} b4 {[%emt 0:01:43]} 20. Bd3 {[%emt 0:03:19]} Ra7 {[%emt 0:12:12]} 21. Qf3 {[%emt 0:05:43]} Nc5 {[%emt 0:01:34]} 22. Bc4 {[%emt 0:10:22]} Ncxe4 {[%emt 0:22:34]} 23. Ng4 {[%emt 0:03:59]} Nd6 {[%emt 0:02:27]} 24. Nxf6+ {[%emt 0:01:12]} gxf6 {[%emt 0:00:13]} 25. Qg3+ {[%emt 0:02:55]} Kh7 {[%emt 0:01:50]} 26. Bxf6 {[%emt 0:02:15]} Nxc4 {[%emt 0:01:36]} 27. Qd3+ {[%emt 0:04:22]} e4 {[%emt 0:01:25]} 28. Nxe4 {[%emt 0:11:54]} Rxe4 {[%emt 0:08:26]} 29. Rxe4 {[%emt 0:00:34]} Qf5 {[%emt 0:00:14]} 30. Qxc4 {[%emt 0:01:10]} Qxf6 {[%emt 0:00:06]} 31. Rf4 {[%emt 0:01:01]} Qg6 {[%emt 0:01:05]} 32. Rg4 {[%emt 0:03:52]} Qf6 {[%emt 0:05:19]} 33. Re1 {[%emt 0:03:26]} Ra6 {[%emt 0:07:16]} 34. Re8 {[%emt 0:01:39]} Ra8 {[%emt 0:05:04]} 35. Rf4 {[%emt 0:02:13]} Qg6 {[%emt 0:00:30]} 36. Rxf7+ {[%emt 0:00:19]} Bg7 {[%emt 0:00:09]} 37. Rxg7+ {[%emt 0:00:12]} Qxg7 {[%emt 0:00:28]} 38. Qd3+ {[%emt 0:00:08]} Qg6 {[%emt 0:00:07]} 39. Re7+ {[%emt 0:00:05]} 1-0

[Event "36th Balaton IM 2018"]
[Site "Balatonlelle"]
[Date "2018.06.16"]
[Round "5"]
[White "Saber, Yasser"]
[Black "Naumkin, Igor"]
[Result "1-0"]
[WhiteElo "2266"]
[BlackElo "2383"]
[Annotator "NA"]
[PlyCount "91"]
[EventDate "2018.06.12"]
[EventType "swiss"]
[EventCountry "HUN"]
[SourceTitle "playchess.com"]
[Source "ChessBase"]
[SourceQuality "1"]
[TimeControl "40/5400+30:1800+30"]

1. d3 {[%emt 0:00:10]} e5 {[%emt 0:05:22]} 2. Nf3 {[%emt 0:00:09]} Nc6 {[%emt 0:00:12]} 3. g3 {[%emt 0:00:03]} d5 {[%emt 0:00:16]} 4. Bg2 {[%emt 0:02:39]} Nf6 {[%emt 0:00:13]} 5. O-O {[%emt 0:00:05]} Be7 {[%emt 0:00:17]} 6. a3 {[%emt 0:04:20]} a5 {[%emt 0:00:47]} 7. Nc3 {[%emt 0:00:13]} d4 {[%emt 0:00:58]} 8. Nb5 {[%emt 0:00:14]} O-O {[%emt 0:03:30]} 9. e3 {[%emt 0:00:35]} dxe3 {[%emt 0:05:40]} 10. Bxe3 {[%emt 0:01:08]} Bg4 {[%emt 0:01:28]} 11. h3 {[%emt 0:01:24]} Bh5 {[%emt 0:00:08]} 12. g4 {[%emt 0:06:16]} Bg6 {[%emt 0:00:12]} 13. Nh4 {[%emt 0:00:22]} Qd7 {[%emt 0:09:05]} 14. Nxg6 {[%emt 0:02:20]} hxg6 {[%emt 0:00:27]} 15. d4 {[%emt 0:06:22]} exd4 {[%emt 0:09:59]} 16. Nxd4 {[%emt 0:00:10]} Nxd4 {[%emt 0:01:03]} 17. Qxd4 {[%emt 0:00:31]} Qc8 {[%emt 0:02:58]} 18. Rad1 {[%emt 0:00:58]} Rd8 {[%emt 0:02:51]} 19. Qc4 {[%emt 0:01:24]} c6 {[%emt 0:01:32]} 20. Bb6 {[%emt 0:08:52]} Rxd1 {[%emt 0:01:13]} 21. Rxd1 {[%emt 0:00:03]} Nd7 {[%emt 0:00:59]} 22. Be3 {[%emt 0:00:39]} Bf6 {[%emt 0:01:48]} 23. c3 {[%emt 0:09:17]} g5 {[%emt 0:03:35]} 24. Qe4 {[%emt 0:11:11]} Nf8 {[%emt 0:06:50]} 25. h4 {[%emt 0:01:30]} Ne6 {[%emt 0:02:18]} 26. h5 {[%emt 0:11:04]} Nf4 {[%emt 0:03:00]} 27. Bf3 {[%emt 0:03:22]} Nd5 {[%emt 0:04:55]} 28. Bc1 {[%emt 0:05:02]} Qf8 {[%emt 0:04:28]} 29. Qf5 {[%emt 0:03:10]} Ne7 {[%emt 0:01:12]} 30. Qd7 {[%emt 0:01:33]} Qb8 {[%emt 0:07:46]} 31. Be3 {[%emt 0:00:14]} Kh8 {[%emt 0:03:42]} 32. Kg2 {[%emt 0:07:14]} a4 {[%emt 0:06:27]} 33. Bd4 {[%emt 0:07:05]} Qf4 {[%emt 0:03:40]} 34. Re1 {[%emt 0:00:16]} Ng8 {[%emt 0:04:33]} 35. Re4 {[%emt 0:03:54]} Qd2 {[%emt 0:00:44]} 36. Qxf7 {[%emt 0:00:47]} Bxd4 {[%emt 0:00:28]} 37. Rxd4 {[%emt 0:01:42]} Qxb2 {[%emt 0:00:15]} 38. Be4 {[%emt 0:01:44]} Qb3 {[%emt 0:03:37]} 39. Qg6 {[%emt 0:00:48]} Nf6 {[%emt 0:00:19]} 40. h6 {[%emt 0:00:00]} Qg8 {[%emt 0:00:23]} 41. Bf5 {[%emt 0:09:26]} Rf8 {[%emt 0:08:59]} 42. Rd6 {[%emt 0:05:43]} Re8 {[%emt 0:05:12]} 43. Rxf6 {[%emt 0:04:23]} Qd5+ {[%emt 0:00:09]} 44. Kh2 {[%emt 0:00:16]} Qe5+ {[%emt 0:00:27]} 45. Kh3 {[%emt 0:00:04]} Qxc3+ {[%emt 0:00:30]} 46. Kg2 {[%emt 0:00:04]} 1-0

[Event "36th Balaton IM 2018"]
[Site "Balatonlelle"]
[Date "2018.06.16"]
[Round "5"]
[White "Vegh, Endre"]
[Black "Gungl, Theo"]
[Result "1/2-1/2"]
[WhiteElo "2260"]
[BlackElo "2237"]
[Annotator "NA"]
[PlyCount "83"]
[EventDate "2018.06.12"]
[EventType "swiss"]
[EventCountry "HUN"]
[SourceTitle "playchess.com"]
[Source "ChessBase"]
[SourceQuality "1"]
[TimeControl "40/5400+30:1800+30"]

1. d4 {[%emt 0:00:14]} d5 {[%emt 0:00:35]} 2. c4 {[%emt 0:00:20]} c6 {[%emt 0:00:07]} 3. cxd5 {[%emt 0:00:34]} cxd5 {[%emt 0:00:02]} 4. Bf4 {[%emt 0:00:16]} Nc6 {[%emt 0:00:34]} 5. e3 {[%emt 0:00:29]} Nf6 {[%emt 0:00:25]} 6. Nc3 {[%emt 0:00:17]} a6 {[%emt 0:00:30]} 7. Be2 {[%emt 0:00:46]} Bf5 {[%emt 0:02:52]} 8. g4 {[%emt 0:00:35]} Be6 {[%emt 0:14:47]} 9. g5 {[%emt 0:03:50]} Nd7 {[%emt 0:08:28]} 10. h4 {[%emt 0:03:31]} Nb6 {[%emt 0:03:24]} 11. Nf3 {[%emt 0:05:49]} Bg4 {[%emt 0:08:25]} 12. Ne5 {[%emt 0:08:00]} Bxe2 {[%emt 0:00:49]} 13. Qxe2 {[%emt 0:00:08]} Rc8 {[%emt 0:00:43]} 14. Nd3 {[%emt 0:06:21]} e6 {[%emt 0:04:46]} 15. Nc5 {[%emt 0:04:41]} Bxc5 {[%emt 0:00:27]} 16. dxc5 {[%emt 0:00:06]} Nd7 {[%emt 0:00:33]} 17. Bd6 {[%emt 0:05:42]} Qa5 {[%emt 0:03:20]} 18. a3 {[%emt 0:02:45]} Nxc5 {[%emt 0:05:52]} 19. O-O {[%emt 0:10:14]} Nb3 {[%emt 0:01:52]} 20. Rad1 {[%emt 0:02:09]} Rd8 {[%emt 0:03:26]} 21. Bg3 {[%emt 0:02:32]} O-O {[%emt 0:02:10]} 22. Qc2 {[%emt 0:08:21]} Qb6 {[%emt 0:00:10]} 23. Na4 {[%emt 0:03:50]} Qb5 {[%emt 0:00:11]} 24. Nc3 {[%emt 0:07:05]} Qc4 {[%emt 0:00:07]} 25. Qd3 {[%emt 0:01:35]} b5 {[%emt 0:07:51]} 26. e4 {[%emt 0:04:49]} Qxd3 {[%emt 0:09:02]} 27. Rxd3 {[%emt 0:00:06]} d4 {[%emt 0:00:16]} 28. Nxb5 {[%emt 0:04:05]} Nc5 {[%emt 0:00:06]} 29. Rdd1 {[%emt 0:00:08]} axb5 {[%emt 0:01:02]} 30. Rc1 {[%emt 0:00:05]} Nxe4 {[%emt 0:00:07]} 31. Rxc6 {[%emt 0:00:25]} Nxg3 {[%emt 0:11:43]} 32. fxg3 {[%emt 0:00:06]} Rd5 {[%emt 0:00:21]} 33. Kf2 {[%emt 0:08:15]} d3 {[%emt 0:07:49]} 34. Rd1 {[%emt 0:01:03]} Rfd8 {[%emt 0:00:19]} 35. Rd2 {[%emt 0:01:00]} g6 {[%emt 0:02:22]} 36. Rc3 {[%emt 0:00:24]} h6 {[%emt 0:01:00]} 37. gxh6 {[%emt 0:00:26]} Kh7 {[%emt 0:01:01]} 38. Ke3 {[%emt 0:01:39]} Re5+ {[%emt 0:00:08]} 39. Kf3 {[%emt 0:00:30]} Red5 {[%emt 0:00:05]} 40. Ke3 {[%emt 0:00:00]} Re5+ {[%emt 0:00:04]} 41. Kf3 {[%emt 0:00:49]} Red5 {[%emt 0:03:19]} 42. Ke4 1/2-1/2